00435nam a2200145Ia 4500008004100000020001800041082001500059100002200074245001700096260001200113500001300125942000700138952012900145999001500274260604s9999 xx 000 0 und d a9780143472414 a823.92 JHA aSonora jha935951 0aThe Laughter bPenguin aLaughter cBK 00104070aIIMVbIIMVcGENERALd2026-06-04g399.00l0o823.92 JHAp004410r2026-06-04 10:21:40v399.00w2026-06-04yBKBJHA c8792d8792